<?xml version="1.0" encoding="UTF-8"?>
<marc:record xmlns:marc="http://www.loc.gov/MARC21/slim">
   <marc:leader>00000nam a2200000 a 4500</marc:leader>
   <marc:datafield ind1="1" ind2=" " tag="100">
      <marc:subfield code="a">Knuf, Andreas</marc:subfield>
      <marc:subfield code="4">edt</marc:subfield>
      <marc:subfield code="e">Bearbeiter/-in</marc:subfield>
   </marc:datafield>
   <marc:datafield ind1=" " ind2=" " tag="653">
      <marc:subfield code="a">Psychose</marc:subfield>
   </marc:datafield>
   <marc:datafield ind1=" " ind2=" " tag="653">
      <marc:subfield code="a">Ratgeber</marc:subfield>
   </marc:datafield>
   <marc:datafield ind1="0" ind2="0" tag="245">
      <marc:subfield code="a">Bevor die Stimmen wiederkommen</marc:subfield>
   </marc:datafield>
   <marc:datafield ind1="0" ind2="0" tag="245">
      <marc:subfield code="b">Vorsorge und Selbsthilfe bei psychotischen Krisen</marc:subfield>
   </marc:datafield>
   <marc:datafield ind1="0" ind2="0" tag="245">
      <marc:subfield code="c">Andreas Knuf und Anke Gartelmann (Hg.)</marc:subfield>
   </marc:datafield>
   <marc:datafield ind1=" " ind2="1" tag="264">
      <marc:subfield code="a">Bonn</marc:subfield>
      <marc:subfield code="b">Balance-Buch-+-Medien-Verl.</marc:subfield>
      <marc:subfield code="c">2009</marc:subfield>
   </marc:datafield>
   <marc:datafield ind1="1" ind2=" " tag="490">
      <marc:subfield code="a">Balance Ratgeber</marc:subfield>
   </marc:datafield>
   <marc:datafield ind1=" " ind2=" " tag="250">
      <marc:subfield code="a">Neuausg.</marc:subfield>
   </marc:datafield>
   <marc:datafield ind1="1" ind2=" " tag="520">
      <marc:subfield code="a">Angaben aus der Verlagsmeldung

Bevor die Stimmen wiederkommen : Vorsorge und Selbsthilfe bei psychotischen Krisen / von Anke Gartelmann, Andreas Knuf

Menschen, die schon einmal eine akute Psychose erlebt haben, können lernen, einem Rückfall wirksam zu begegnen oder ihn sogar zu verhindern. Dieses Buch enthält eine Fülle von Tipps zur wirksamen persönlichen Vorsorge und Selbsthilfe.

Das Buch beschreibt die oft kleinen, jedoch eindeutigen Frühwarnzeichen einer beginnenden Psychose. Sobald die davon Betroffenen - Erkrankte und ihre Bezugspersonen - gelernt haben, diese Symptome rechtzeitig wahrzunehmen, erleben sie sich nicht mehr als hilflos und ohnmächtig, sondern können den Beginn, den Verlauf und die Folgen einer psychotischen Krise entscheidend beeinflussen. Die Verhaltensempfehlungen und Informationen sowie ein Vorsorgebogen zur persönlichen Nutzung runden diesen wertvollen Ratgeber ab.
</marc:subfield>
   </marc:datafield>
   <marc:datafield ind1=" " ind2=" " tag="020">
      <marc:subfield code="a">9783867390439</marc:subfield>
      <marc:subfield code="9">9783867390439</marc:subfield>
   </marc:datafield>
   <marc:datafield ind1=" " ind2=" " tag="041">
      <marc:subfield code="a">ger</marc:subfield>
   </marc:datafield>
   <marc:datafield ind1=" " ind2=" " tag="300">
      <marc:subfield code="a">240 S.</marc:subfield>
   </marc:datafield>
</marc:record>
